000 00632nam a2200169 4500
001 114082
003 ES-MaACL
005 20230906190055.0
007 t|
008 061121s1956 sp r ||||1| spa d
100 1 _aPalomares Fernández, José Manuel.
_988677
245 1 0 _aManual práctico tributario
_b: ejercicios de tributación resueltos con arreglo a la vigente Ley de Contribución sobre las Utilidades de la Riqueza Mobiliaria /
_cJosé Manuel Palomares Fernández.
250 _a1ª ed.
260 _aMadrid :
_b[s. n.],
_c1956 (
_fGráf. Salué)
300 _a88 p. ;
_c17 cm.
852 _aES-MaACL
_j1987-F-3
_bR.41336
999 _c114082
_d114082